Statistics for Billboard TikTok Top 50

Click here to take the quiz!

General Stats

  • This quiz has been taken 18 times
  • The average score is 4 of 50

Answer Stats

SongName% Correct
Texas Hold 'EmBeyoncé
88%
My Love Mine All MineMitski
47%
End Of BeginningDjo
41%
Lovin On MeJack Harlow
41%
Lady Killers II (Christoph Andersson Remix)G-Eazy
29%
Too SweetHozier
29%
Get It SexyySexyy Red
29%
Beautiful ThingsBenson Boone
24%
AustinDasha
18%
Never Lose MeFlo Milli
18%
Whatever She WantsBryson Tiller
12%
Like What (Freestyle)Cardi B
12%
Enough (Miami)Cardi B
12%
BanditDon Toliver
12%
Make You MineMadison Beer
12%
Get In With MeBossMan Dlow
6%
Dance You Outta My HeadCat Janice
6%
No FearDeJ Loaf
6%
Act II: Date @ 84Batz ft. Drake
0%
AnythingAdrianne Lenker
0%
Someday I'll Get ItAlek Olsen
0%
What You Won't Do For LoveBobby Caldwell
0%
Move Yo Body (Sped Up)Bryansanon
0%
Oi (Beat Da Koto Nai)Certified Trapper
0%
Go To WorkChris Mula
0%
You Are My SunshineChristina Perri
0%
Little LifeCordelia
0%
YasashiCXSPER
0%
The West Side FreestyleDJ Max Star
0%
Lullaby for ErikEvgeny Grinko
0%
Flores AmarillasFloricenta
0%
Gata OnlyFloyyMenor X Cris Mj
0%
Tumblr GirlsG-Eazy ft. Christoph Andersson
0%
She Know What She Wanted (Jersey Club Remix)Godard ft. Ziahfyah
0%
KarmaJoJo Sowa
0%
Bad BittyJ.P.
0%
Back On 74Jungle
0%
Money! (Money Money, Green Green)Kaytoven
0%
Baddie Friend (Two Bad B****s)Kevo Jefe ft. House Of Evo
0%
Back It Up And Dump It (Dump Truck)Kinfolk Thugs, GC Eternal & Tyme Bomb
0%
RelaxedMC Mablo Dos Paredoes
0%
Show Me HowMen I Trust
0%
Scared To StartMichael Marcagi
0%
SoakedShy Smith
0%
Mrs MagicStrawberry Guy
0%
Tshwala BamTitoM & Yuppe ft. S.N.E. & EeQue
0%
SC-9Yahir Saldivar
0%
CarnivalYe & Ty Dolla $ign ft. Rich The Kid & Playboi Carti
0%
Praise Jah In The MoonlightYG Marley
0%
Mr. WeatherallYoung Hub City ft. Big Zoe
0%

Score Distribution

Percentile by Number Answered

Percent of People with Each Score

Your Score History

You have not taken this quiz